000 00822cam a22002533a 4500
001 32478
003 PGUSA
005 20140828083713.0
008 100522s2010||||xxu|||||s|||||000 1 eng d
040 _aPGUSA
_beng
042 _adc
050 4 _aPT
100 1 _aVelde, C. F. van der
_q(Carl Franz),
_d1779-1824
245 1 0 _aTales from the German. Volume I.
_h[electronic resource] /
_cC. F. van der Velde
260 _bProject Gutenberg,
_c2010
505 0 _aArwed Gyllenstierna: a tale of the early part of the eighteenth century.
506 _aPublic domain in the USA.
516 _aElectronic text
653 _aGerman fiction -- Translations into English
700 1 _aGreene, Nathaniel,
_d1797-1877
830 0 _aProject Gutenberg
_v32478
856 4 0 _uhttp://www.gutenberg.org/ebooks/32478
942 _cEB
999 _c261733
_d261733